| 000 | 006630000a22002050004500 | ||
|---|---|---|---|
| 999 |
_c54374 _d54374 |
||
| 001 | 768714001 | ||
| 003 | CO-MdFUSB | ||
| 005 | 20170824113141.0 | ||
| 008 | 170824b xxu||||| |||| 00| 0 eng d | ||
| 022 | _a0120-3649 | ||
| 040 |
_aCO-MdFUSB _bspa _cCO-MdFUSB _dCO-MdFUSB |
||
| 041 | _aeng | ||
| 100 | 1 |
_aBunimovitz, Shlomo _eautor |
|
| 245 | 1 | 0 |
_aIdealogy in stone : _bunderstanding the four-room house |
| 300 |
_aVolumen 28. Número 4 (2002), Páginas 32-41 _c28 cm. |
||
| 546 | _aTexto en inglés | ||
| 700 | 1 | _aFaust, Avraham | |
| 773 | 0 |
_tBiblical Archaeology Review _049395 _959461 _gVolumen 28. Número 4 (2002), Páginas 32-41 _qPágina 32 |
|
| 942 | _cANA | ||